试着写出下列城市所在的流域 #1 - Statistics

General Stats
  • This quiz has been taken 28 times
    25 since last reset
  • The average score is 20 of 44
Answer Stats
国家/地区 城市 流域 % Correct
中国 武汉 长江流域
100%
中国 银川 黄河流域
100%
美国 圣路易斯 密西西比河流域
95%
老挝 万象 澜沧江-湄公河流域
95%
中国 南宁 珠江流域
95%
中国 蚌埠 淮河流域
95%
匈牙利 布达佩斯 多瑙河流域
90%
埃及 开罗 尼罗河流域
90%
孟加拉国 达卡 恒河&布拉马普特拉河流域
90%
英国 伦敦 泰晤士河流域
86%
巴基斯坦 拉合尔 印度河流域
86%
刚果(金) 金沙萨 刚果河流域
86%
伊拉克 巴格达 幼发拉底河&底格里斯河流域
86%
巴西 马瑙斯 亚马逊河流域
81%
俄罗斯 喀山 伏尔加河流域
76%
法国 斯特拉斯堡 莱茵河流域
67%
中国 福州 闽江流域
62%
缅甸 曼德勒 伊洛瓦底江流域
52%
意大利 米兰 波河流域
48%
尼日尔 尼亚美 尼日尔河流域
48%
朝鲜 平壤 大同江流域
43%
中国 忻州 海河流域
43%
乌兹别克斯坦 撒马尔罕 阿姆河流域
33%
波兰 华沙 维斯瓦河流域
33%
泰国 曼谷 昭披耶河流域
33%
中国 曲靖 珠江流域
33%
美国 克利夫兰 圣劳伦斯河流域
29%
俄罗斯 新西伯利亚 鄂毕河流域
29%
法国 南特 卢瓦尔河流域
24%
美国 菲尼克斯 科罗拉多河流域
24%
澳大利亚 堪培拉 墨累河&达令河流域
24%
瑞士 日内瓦 罗讷河流域
14%
乌干达 坎帕拉 尼罗河流域
14%
巴西 圣保罗 巴拉那河-拉普拉塔河流域
10%
白俄罗斯 明斯克 第聂伯河流域
10%
蒙古 乌兰巴托 叶尼塞河流域
5%
南非 布隆方丹 奥兰治河流域
5%
委内瑞拉 圭亚那城 奥里诺科河流域
5%
西班牙 萨拉戈萨 埃布罗河流域
5%
布基纳法索 瓦加杜古 沃尔特河流域
5%
加拿大 卡尔加里 纳尔逊河流域
0%
阿富汗 坎大哈 赫尔曼德河流域
0%
印度 那格浦尔 戈达瓦里河流域
0%
墨西哥 瓜达拉哈拉 莱尔马河-圣地亚哥河流域
0%
No matching quizzes found
Score Distribution
Percent of People with Each Score
Percentile by Number Answered
Your Score History
You have not taken this quiz since the last reset